000 00871cam a2200241 i 4500
003 SA-RiAUC
005 20250409072326.0
008 250408s1984 qa g 000 0 ara c
040 _aSA-JeALM
_bara
_cSA-RiAUC
_erda
082 0 4 _a227.6
090 _a227.6
_b خ ل ا
100 1 _aخلاف، عبد الوهاب بن عبد الواحد،
_d1888-1956
_eمؤلف.
245 1 0 _aنور من القرآن الكريم /
_cعبد الوهاب خلاف.
264 1 _aالدوحة :
_bدار الثقافة،
_c[بين 1900 و1999]
300 _a159 صفحة ؛
_c20 سم
336 _aنص
_btxt
_2rdacontent
_3كتاب
337 _aبدون وسيط
_bn
_2rdamedia
338 _aمجلد
_bnc
_2rdacarrier
630 2 7 _aالقرآن
_xتفاسير حديثة
_2aucut
730 2 2 _aالقرآن
942 _2ddc
_cBOOK
_n0
949 _aSA-JeALM
_d250408
_umohamedma123
_n1
999 _c6803
_d6803